Meyers kleines Lexikon in drei Bänden

Salvato in:
Dettagli Bibliografici
Natura: Libro
Lingua:tedesco
Pubblicazione: Leipzig WEB Bibliographisches Institut 1970
Edizione:10. völlig neubearb. Aufl.
Tags: Aggiungi Tag
Nessun Tag, puoi essere il primo ad aggiungerne!!

MARC

LEADER 00000nam a2200000 4500
001 c121434
005 20221207065857.0
041 0 |a ger 
044 |a DE 
245 1 0 |a Meyers kleines Lexikon  |b in drei Bänden 
250 |a 10. völlig neubearb. Aufl. 
250 |a 2. Nachdruck 
264 1 |a Leipzig  |b WEB Bibliographisches Institut  |c 1970 
300 |a 884 s.